00330nam a2200109Ia 4500008004100000020001500041050002300056245007300079260003000152300001100182650002700193151021s9999 xx 000 0 und d a1420891529 aPS652.1 .S39 2005  a_The curse of the golden gato The Schmooney trilogies Bob Schumaker  aIndiana Authorhouse 2005  a210p.  a_Curse of golden Gato